Quizzes
Events
Quiz Creation
Community
Videos
Private Events
Remove Ads
Sign In
Join for FREE
Feedback
Dark Mode
Quiz Categories
Sports
Geography
Music
Movies
Television
Just For Fun
Miscellaneous
History
Literature
Language
Science
Gaming
Entertainment
Religion
Holiday
For Kids
Quiz Lab
Recent
Popular Today
Quiz Kudos Today
Editor Picks
Curator Picks
Quizzes by...
Day
Popularity
Type
Ratings
Length
Year
Community
Subscriptions
Recent Discussions
Orange Saloon
Badges
Playlists
Quests
Create
Leaderboards
Showdown
Live 5
Trivia Bingo
Activity
Puzzle Library
Sporcle Events
Private Events
Virtual Trivia
Globe League
Become a Host
Pub Owners
SporcleCon
Opinionation
Our Games
Videos
Blog
Mobile Apps
Partnerships
Remove Ads and Go Orange
Feedback
Science
Computer
Plants
Astronomy
Chemistry
Elements
Math
Animal
Physics
Anatomy
Biology
Geology
General Science
Science
Computer
Plants
Astronomy
Chemistry
Elements
Math
Animal
Physics
Anatomy
Biology
Geology
General Science
Random Quiz
Search Sporcle
×
Quiz Lab
Quiz Lab
Science
lesson
Type in answers that appear in a list
Type in answers that appear in a list
Classic
Best Score? Go Orange.
Lesson 4 Compound Suffix Forms Stats
Can you name the Lesson 4 Compound Suffix Forms ?
By
DaniMarc
6m
20 Questions
2 Plays
2 Plays
2 Plays
Comments
Comments
Give Quiz Kudos
Give Quiz Kudos
-
- Ratings
hide this ad
Forced Order
Answers have to be entered in order
Answers have to be entered in order
Random Order
Randomize order of answers
Randomize order of answers
Replay
Link that replays current quiz
Next Quiz
Link to next quiz in quiz playlist
You Got
0%
They Got
Avg Score
10%
Avg Friend Score
Upgrade to see
Score Distribution
Jump to the score distribution portion of the page
Score
0/20
Timer
06:00
0
Plays Today
Compound Suffix Form
Meaning
% Correct
-
genic
causing
50%
-
lysis
dissolution
50%
-
rrhea
profuse discharge
50%
-
scope
an instrument for examining
50%
-
ectasia, -
ectasis
dilation
0%
-
ectomy
surgical excision
0%
-
gen
substance that produces
0%
-
genesis
formation
0%
-
genous
by
0%
-
gram
a record of the activity of an organ
0%
Compound Suffix Form
Meaning
% Correct
-
graph
an instrument for recording the activity of an organ
0%
-
graphy
the recording of the activity of an organ
0%
-
lytic
pertaining to dissolution
0%
-
pathy
disease
0%
-
ptosis
dropping of an organ
0%
-
rrhagia
profuse discharge
0%
-
rrhexis
bursting of tissues, rupture
0%
-
scopy
examination
0%
-
tome
a surgical instrument for cutting
0%
-
tomy
surgical incision
0%
Quiz Playlist
Details
Report
Send in Message
Add To Playlist
Classic:
Type in answers that appear in a list
Forced Order:
Answers have to be entered in order
Random Order:
Randomize order of answers
Last Updated: Feb 16, 2017
Quiz Scoreboard
CHALLENGE
Sign Up to Join the Scoreboard
Show All
Scores
Hide
Comments
May contain spoilers
Recently Published
Presidents Visiting Landmarks
by Hejman
History
7m
An Introduction to Baseball
by treessimontrees
Sports
5m
Movies - When Are They Set?
by FPL_Elf
Movies
5m
More to Explore
Quiz From the Vault
Featured Blog Post
Where Did the Easter Bunny Come From?
hide this ad
You Might Also Like...
Tags
compound
form
lesson
Suffix
Today's Top Quizzes in Science
Browse Science
hide this ad
Today's Top Quizzes in lesson
Browse lesson
Top Contributed Quizzes in Science
1
Quick Pick: Radians
2
Quick Pick: 'CI-CJ' Animals
3
Elements In Images
4
One Thing in Common: Science
5
One Thing in Common: Science III
6
One Thing in Common: Animals
7
1 to 50
8
Name the Acid, Base or Salt
9
One Thing in Common: Science II
10
Count to 60
Explore More
Trending Topics
NBA
Marvel
Kpop
Crossword
Disney
Anime
Harry Potter
The Office
Puzzle
Pokémon
WWE
Country
NFL
Song
Soccer
hide this ad
More By:
DaniMarc
Quiz
Plays
Rating
Category
Featured
Created
Lesson 8 Latin Prefixes & Suffixes
23
4.00
Science
Jun 4, 2012
Lesson 10 Combining Forms
16
Science
Jun 4, 2012
Lesson 11 Combing Forms
12
Science
Jun 5, 2012
Lesson 9 Combining Forms
12
Science
Jun 4, 2012
Lesson 5 Combining Form (Classics 110)
11
Science
Apr 25, 2012
Go to Creator's Profile
Score Distribution
Quiz Creator Spotlight
DaniMarc
Follow
Send a Message
Quizzes Created
-
Created Quiz Play Count
-
More By This Creator
Popular Quizzes Today
1
Find the Countries of Europe - No Outlines Minefield
2
Find the US States - No Outlines Minefield
3
The Countries of the World
4
Popular People in 1961
5
Find the US States
6
US States
7
1-10 Letter E Words III
8
Risky Map Clicking: Biggest States A-Z
More Science Quizzes
Periodic Table of Elements
Published
Trending Quizzes
Risky Map Clicking: Least Populous States A-Z
1-10 Letter F Words
1-10 Letter G Words
One Thing in Common: United Kingdom
Risky Map Clicking: Next State Alphabetically
Recently Updated
Leaping Animals
pecheneg
Reality TV Shows (A-Z)
bhenderson79
Rickey Henderson's Hall of Fame Teammates
pecheneg
Champions League XIs: Arsenal
pecheneg
Quick Pick: Celebrities in WWE's Hall of Fame
aduchscher
A-Z Keypad Blitz II
pecheneg
Multiple Oscar Actors
pecheneg
Mystery Phrase Blitz: Oscar 'Best Actors'
pecheneg
F. Scott Fitzgerald Novels
LTH
Pick 3 Villains
ddd62291
Trending Topics
Kpop
Crossword
Marvel
Harry Potter
Disney
Anime
NBA
Puzzle
Country
The Office
NFL
Pokémon
Soccer
Song
WWE
Your Account Isn't Verified!
In order to create a playlist on Sporcle, you need to verify the email address you used during registration. Go to your
Sporcle Settings
to finish the process.
Report this User
Report this user for behavior that violates our
Community Guidelines
.
Details:
Send Report
Go to the Sporcle.com Mobile Site →
Comments